Chilly's Full Name Quiz (Legacy Edition: September 19, 2022 - Statistics

General Stats
  • This quiz has been taken 4 times
  • The average score is 9 of 208
Answer Stats
Answer % Correct
Chilly
100%
Albuquerque
67%
Coca
67%
Cola
67%
Craftsmanship
67%
Cup
67%
Finish
67%
Herbert
67%
Hoover
67%
Reese's
67%
Vincent
67%
9Ball
33%
Aravaria
33%
Macbeth
33%
McLauren
33%
Vannsil
33%
Adams
0%
Alabamacamavamazamawamaqamajamakamaxamapamayamafamagamaramalamamamanamatamasamahamaiamadamauamaeamaoamaaama
0%
Alan
0%
Albert
0%
Aphrodite
0%
Apollo
0%
Ares
0%
Athena
0%
Balingit
0%
Barbaric
0%
Berlick
0%
Biden
0%
Billiard
0%
Birmingham
0%
Blackberry
0%
Blaney
0%
Bohannon
0%
Bourdo
0%
Brooks
0%
Bruner
0%
Burrus
0%
Buzzard
0%
Byrd
0%
Caillou
0%
CanRoy
0%
Capps
0%
Cassidy
0%
Cereal
0%
Chadier
0%
Chance
0%
Charlington
0%
Cincinnati
0%
Clopton
0%
Close
0%
Cloth
0%
Colon
0%
Cook
0%
Cooper
0%
Corkey
0%
Cornell
0%
Crawford
0%
Cricut
0%
Cum
0%
Czechoslovakia
0%
Davidson
0%
Davis
0%
Delarosa
0%
Demand
0%
Demeter
0%
Denis
0%
Diaz
0%
Dickie
0%
Dobbs
0%
EasyPress
0%
Eckert
0%
Edwards
0%
Eisenhower
0%
English
0%
Factorillian
0%
Ferrall
0%
Flare
0%
Flatline
0%
Forste
0%
Foster
0%
Gandalf
0%
Garett
0%
Gets
0%
Gibson
0%
Gilbert
0%
Girard
0%
Glasses
0%
Glick
0%
Gonzales
0%
Goodman
0%
Goswick
0%
Gribben
0%
Guzman-Calel
0%
Haak
0%
Haaland-Sapp
0%
Hades
0%
Harrison
0%
Hayes
0%
Hera
0%
High
0%
Hill
0%
Hinman
0%
Hitler
0%
Hogan
0%
Hopper
0%
Horatio
0%
IfIWhereToDropANukeOnJapanWouldIGoToJailOrWouldMyBrotherTallahasseeAskingForAFriendTotallyNotGoingToDoThisWhyWouldIAnywaysThatIsJustSillyLikeComeOnWhoWouldDoSuchAThingNotMeThatsForSureRightAlanAlanSaidYesOkAnywayIWasAlsoJustGoingToAskWhileImHereIfIWhereToDropANukeOnWyomingWouldAnybodyDieBecauseIWouldntThinkSoBecauseITriedItOnceAndItDidntEvenGetOnTheWyomingNewsIsTheWyomingNewsEvenReallyAThingBecauseIfWyomingIsntRealThanHowCanItHaveANewsChannelThisIsAnImpossibleQuestionToAnswerMakingThisAParadoxAParadoxIsAQuestionOrTheoryThatDoesntHaveAnAnswer UCLA Lesterville
0%
IHaveABomb
0%
Josiah
0%
Kailer
0%
Keena
0%
Keller
0%
Keystothewhiteehouse
0%
Kingery
0%
Lammb
0%
Landrith
0%
Leeper
0%
Lee-Sye
0%
Liechtenstein
0%
Lira-Diax
0%
LitHuaNian
0%
Locomotive
0%
Logan
0%
Loving
0%
Malin
0%
Manila
0%
Marie
0%
Marshall
0%
Matters
0%
Maturino
0%
Meaker
0%
Melanie
0%
Menace
0%
Mendoza
0%
Mense
0%
MetalChain
0%
MincedMeat
0%
Mississippsriver
0%
Morris
0%
Morse
0%
Mosley
0%
Mueller
0%
MurgaSantillane
0%
Nardman
0%
Nathanial
0%
Nelson
0%
Neuzil
0%
Nguyen
0%
Nolar
0%
North
0%
Ogden
0%
OldGrandma
0%
Padilla
0%
Pagan
0%
Paige
0%
Paradox
0%
Patton
0%
Paul
0%
Phoenix
0%
Poopybutt
0%
Poseidon
0%
Purcell
0%
Raciston
0%
Rattles
0%
ReadBeard
0%
Rene
0%
Reneau
0%
Retriever
0%
Rhymer
0%
Rowe
0%
Ruehle
0%
SantaClaus
0%
Saul
0%
Sedimentary
0%
Seeley
0%
Selix
0%
Sewing
0%
Shelley
0%
Shpinstelstein
0%
Simp
0%
SixBooksWithDifferentNumbersOnThemToShowTheOrderTheBooksShouldBeReadInOrderToUnderstandThemTheCorrectWayWithoutAnyMisnomersOrAlteriorMotivesBehindIt
0%
SixTill
0%
Stamper
0%
Supercalafragalisticexpialadocios
0%
Swastika
0%
Tash
0%
Tegucigalpa
0%
Thompson
0%
Turkemistan
0%
Twintowers
0%
Vandal
0%
Variable
0%
Vladimir
0%
Voldenheimer
0%
Wach
0%
Walker
0%
Wally
0%
Washington
0%
Whitcraft
0%
Wichita
0%
William
0%
Williams
0%
WoodshelfmadeofwoodAndClockwithredandblackaccents
0%
Wooldridge
0%
Worcestershire
0%
Youngblood
0%
Zeus
0%
Zucherburg
0%
No matching quizzes found
Score Distribution
Percent of People with Each Score
Percentile by Number Answered
Your Score History
You have not taken this quiz